000 00491nam a22001697a 4500
005 20251108164137.0
008 250721s1987 xx 000 0 ara d
082 1 4 _a211/حيد
100 1 _aقفه، حيدر
245 1 0 _aمع القرآن الكريم :
_bدراسات و أحكام /
264 1 _aعمان :
_bدار الضياء،
_c1987.
300 _a376ص.
650 1 7 _aالقرآن الكريم
650 1 7 _aالعلوم القرآنية
942 _2ddc
_cBK
999 _c4715
_d4715